El atlas de la argentina : la democracia inconclusa /

Guardado en:
Autor Principal: Stancanelli, Pablo
Otros Autores: Muñoz, creusa; coord., Natanson, José; dir.
Formato: Libro
Publicado: Buenos Aires : Capital Intelectual, 2017
Materias:
Etiquetas: Agregar Etiqueta
Sin Etiquetas, Sea el primero en etiquetar este registro!
LEADER 03010nam a22002655a 4500
001 CEM.cems014818
005 20171210021338.0
008 130507s2017##################000#0#####d
003 CEMS
020 |a 9789876145374 
082 0 4 |a 320.09 
100 1 |a Stancanelli, Pablo 
245 1 0 |a El atlas de la argentina :  |b la democracia inconclusa /  |c Pablo Stancanelli ... y Otros ; coordinado Por Creusa Muñoz; dirigido Por José Natanson 
260 |a Buenos Aires :  |b Capital Intelectual,  |c 2017 
300 |a 152 p. 
505 0 |a Protesta social. Una democracia conflictiva -- Sistema político. El fin del bipartidismo -- Terceros partidos. El ascenso del Pro -- Coparticipación. Un federalismo desigual -- Alternancia ¿Existe el país feudal? -- Municipios. El peso del territorio -- Justicia. La judicialización de la política -- Corrupción. No sólo escándalos -- Políticas sociales. El estigma del clientelismo -- Jóvenes. Entre el malestar y la participación -- Sindicalismo. Trabajadores en lucha -- Deuda externa. La fiebre financiera -- Inflación y tipo de cambio. El huevo y la gallina -- Agroindustria. El modelo de la soja -- Economías regionales. Un gusano en la fruta -- Industria. El valor agregado de producir -- Electrónica en Tierra del fuego. Las maquilas del Fin del Mundo -- Indumentaria. Salir de la clandestinidad -- Empleo. Precarización perpetua -- Consumo e inclusión financiera. Ser pobre es caro -- Energía. Déficit estratégico -- Minería. Extracción cuestionada -- Relaciones exteriores. Argentina en el mundo -- Mapa político regional. El legado económico de la izquierda -- Integración. Todas las vidas del mercosur -- Comercio con China. Una relación asimétrica -- Migraciones ¿El fin de la Patria Grande? -- Fuerzas Armadas. La defensa delegativa -- Energía nuclear. El desarrollo pacífico del átomo -- Malvinas. El interés británico sobre las islas -- Recursos naturales. El Acuífero Guaraní en la mira -- Estructura social. Adiós a la movilidad social ascendente -- Religión. Tan cerca de Dios, tan lejos de la iglesia -- Narcotráfico. Una guerra perdida -- Demografía. Tiempos modernos -- Género. Nuevos derechos, viejas deudas -- Derechos humanos. Juicio a la impunidad -- Violencia institucional. Vigilar y castigar y castigar -- Vivienda. La casa propia es un sueño eterno -- Pueblos indígenas. Con derechos pero sin tierras -- Alimentación. Devorados por la comida chatarra -- Cine. El país en fotogramas -- Música. Al ritmo de la historia -- Maradona. El Dios argentino -- Medios. Convergencia: el futuro de la concentración -- Ciencia. Los tres Nobel -- Literatura: Borges, el universal 
653 |a Historia argentina 
653 |a Economía argentina 
653 |a Política argentina 
653 |a Sociedad argentina cultura argentina 
653 |a Atlas 
653 |a Atlas argentina 
700 1 |a Muñoz, creusa; coord. 
700 1 |a Natanson, José; dir. 
859 |a CEMS  |b BIB. CEMS - 11 de abril  |h 320.09  |i St241  |p 27404.18  |t Ej.1